Home Print Resources E-Books E-Journals IIMT Lecture Series Library Membership Form Book Recommendation Form Campus Tour Take AdmissionAbout Us Contact Us

Administrative Law (Record no. 40720)

000 -LEADER
fixed length control field nam a22 7a 4500
003 - CONTROL NUMBER IDENTIFIER
control field OSt
005 - DATE AND TIME OF LATEST TRANSACTION
control field 20171005095802.0
008 - FIXED-LENGTH DATA ELEMENTS--GENERAL INFORMATION
fixed length control field 171005b xxu||||| |||| 00| 0 eng d
040 ## - CATALOGING SOURCE
Transcribing agency sero soft
100 ## - MAIN ENTRY--PERSONAL NAME
Personal name Massey,I.P
245 ## - TITLE STATEMENT
Title Administrative Law
260 ## - PUBLICATION, DISTRIBUTION, ETC.
Place of publication, distribution, etc. Lucknow
Name of publisher, distributor, etc. EBC
300 ## - PHYSICAL DESCRIPTION
Extent 638
942 ## - ADDED ENTRY ELEMENTS (KOHA)
Source of classification or shelving scheme
Koha item type Book Bank
Holdings
Withdrawn status Lost status Source of classification or shelving scheme Damaged status Not for loan Home library Current library Date acquired Source of acquisition Cost, normal purchase price Inventory number Total Checkouts Barcode Date last seen Date last checked out Price effective from Koha item type Total Renewals Checked out
          IIMT University College of Law IIMT University Central Library Meerut 10/05/2017 WESTERN LAW HOUSE 545.00 00000683/17-28-09-17 2 04-B-5561 08/22/2020 08/22/2020 10/05/2017 Book Bank   09/11/2020
          IIMT University College of Law IIMT University College of Law 10/05/2017 WESTERN LAW HOUSE 545.00 00000683/17-28-09-17 5 04-B-5557 02/14/2025 09/02/2024 10/05/2017 Book Bank    
          IIMT University College of Law IIMT University College of Law 10/05/2017 WESTERN LAW HOUSE 545.00 00000683/17-28-09-17 7 04-B-5558 02/17/2025 09/26/2024 10/05/2017 Book Bank    
          IIMT University College of Law IIMT University College of Law 10/05/2017 WESTERN LAW HOUSE 545.00 00000683/17-28-09-17 6 04-B-5559 01/21/2026 09/09/2025 10/05/2017 Book Bank 1  
          IIMT University College of Law IIMT University College of Law 10/05/2017 WESTERN LAW HOUSE 545.00 00000683/17-28-09-17 6 04-B-5560 02/13/2025 09/25/2024 10/05/2017 Book Bank    
          IIMT University College of Law IIMT University College of Law 10/05/2017 WESTERN LAW HOUSE 545.00 00000683/17-28-09-17 4 04-B-5562 02/03/2025 09/17/2024 10/05/2017 Book Bank    
          IIMT University College of Law IIMT University College of Law 10/05/2017 WESTERN LAW HOUSE 545.00 00000683/17-28-09-17 4 04-B-5563 02/01/2025 11/08/2024 10/05/2017 Book Bank    
          IIMT University College of Law IIMT University College of Law 10/05/2017 WESTERN LAW HOUSE 545.00 00000683/17-28-09-17 2 04-B-5564 01/31/2025 10/03/2024 10/05/2017 Book Bank    
IIMT, Central Library. All Rights Reserved IIMT,UNIVERSITY © 2023
Implemented and Customised by I CLOUDE EMS
You Are OPAC Visitor No
free web counter

Powered by Koha